000 00433pab a2200157 454500
008 180718b2006 xxu||||| |||| 00| 0 eng d
100 _aJha, Vidhu Shekhar
245 _aOutsourcing and manufacturing strategies for business process outsourcing - a conceptual study
260 _c2006
300 _ap.34-44.
362 _aApr-Sep
650 _aOutsourcing
700 _aChawla, Deepak
773 _aProductivity
909 _a73269
999 _c73269
_d73269